La Revolució Jacquard / Ajuntament de Barcelona. Museu Tèxtil i d'Indumentària, Diputació de Barcelona. Museu Tèxtil de Terrassa
ISBN:
84-7609-035-8
Descripción Física:
64 p. : il., col. ; 28 cm
MARC
| LEADER | 00000nam a2200000Ia 4500 | ||
|---|---|---|---|
| 001 | 6668 | ||
| 008 | 160829s9999 xx 000 0 cat d | ||
| 020 | |a 84-7609-035-8 | ||
| 080 | |a C-1-155 | ||
| 100 | |a Museu Tèxtil i d'Indumentària (Barcelona) |9 33393 | ||
| 245 | |a La Revolució Jacquard / Ajuntament de Barcelona. Museu Tèxtil i d'Indumentària, Diputació de Barcelona. Museu Tèxtil de Terrassa | ||
| 260 | |a Barcelona : |b Ajuntament de Barcelona, DL 1985 | ||
| 300 | |a 64 p. : |b il., col. ; |c 28 cm | ||
| 590 | |a Catàleg de l'exposició. | ||
| 650 | |a Maquinaria tèxtil |x Exposicions |9 47859 | ||
| 650 | |a Jacquard, Joseph Marie |x Exposicions |9 25196 | ||
| 710 | 2 | |a Museu Tèxtil de Terrassa |9 54997 | |
| 901 | |a Arxiu | ||
| 942 | |n 1 | ||
| 952 | |0 0 |1 0 |4 0 |6 C1155 |7 1 |9 43498 |a Arxiu |b Arxiu |d 2016-12-01 |l 0 |o C-1-155 |p 6668 |r 2016-12-01 00:00:00 |w 2016-12-01 |y ARXIU | ||
| 999 | |c 46044 |d 46044 | ||